Con đường của nền văn minh

Salvato in:
Dettagli Bibliografici
Autore principale: Tào Dư Chương
Natura: Libro
Lingua:Undetermined
Pubblicazione: Tp. HCM Tp. HCM 2003
Soggetti:
Tags: Aggiungi Tag
Nessun Tag, puoi essere il primo ad aggiungerne! !
Thư viện lưu trữ: Trung tâm Học liệu Trường Đại học Cần Thơ
LEADER 00537nam a2200193Ia 4500
001 CTU_58332
008 210402s9999 xx 000 0 und d
020 |b 16000 
082 |a 895.13081 
082 |b Ch561 
100 |a Tào Dư Chương 
245 0 |a Con đường của nền văn minh 
245 0 |c Tào Dư Chương 
260 |a Tp. HCM 
260 |b Tp. HCM 
260 |c 2003 
650 |a historical fiction, chinese ( vietnamese ) 
904 |i Minh 
980 |a Trung tâm Học liệu Trường Đại học Cần Thơ